000 00851nam0a22002531 4500
001 rc\890597
005 20250622032505.0
035 _a(NLR Aleph) 006067350
090 _a4968834
_c4968834
100 _a20041129d1983 |||y0rusy50 ca
101 0 _arus
102 _aRU
105 _aa |||||||||
200 1 _aАкустоэлектронные устройства корреляционной обработки сигналов
210 _aМ.
_cРИАН СССР
_d1983 (вып. дан. 1984)
215 _a39 с.
_cил.
_d22
225 1 _aПрепринт
_fАН СССР, Радиотехн. ин-т
_v8319
320 _aБиблиогр.: с. 36-38
700 1 _aКаринский
_bС.С.
_gСергей Сергеевич
801 0 _aRU
_bNLR
_gpsbo
801 1 _aRU
_bELAR
_2rusmarc
852 _aNLR
_j84-6/5985
942 _cBOOK
980 _aNB